000 00640nam a2200229 a 4500
001 BRL_594
005 20190320210820.0
008 060913s1954----nyu#######---#000-0#eng-#
041 _aeng
044 _anyu
050 4 _aPZ1
_b.G37 1954
100 1 _aGardener, Erle Stanley
_d1889-1970
_924384
245 1 0 _aThe case of the Restless Redhead
_cErle Stanley Gardener
260 _aNueva York
_bPocket Books, Inc.
_c1954
300 _a194 p.
_c17 cm.
440 0 _aA perry mason mystery
_v1170
_924385
500 _aAu688
500 _aPrimera Página desprendida.
650 1 4 _aNovela policiaca
_923905
902 _aGRL
942 _2lcc
_cB
999 _c9406
_d9406